| 000 | 00839nas a2200277 4500 | ||
|---|---|---|---|
| 001 | BR8602940 | ||
| 003 | BR-BrBNA | ||
| 005 | 20231205090520.0 | ||
| 007 | ta | ||
| 008 | 230509b bl.|||p| |||| 00| 00por d | ||
| 040 |
_aBR-BrBNA _bpor _cBiblioteca Nacional de Agricultura |
||
| 041 | _a(En) | ||
| 072 | _aF60 | ||
| 100 | 1 | _aAraujo, J.M.A. | |
| 100 | 1 | _aPratt, D.E. | |
| 245 | 1 | _aQuercetin from alfafa seeds as a lipid antioxidant [Medicago spp.] | |
| 246 | 1 | _aQuercetin from alfalfa seeds as a lipid antioxidant | |
| 650 | _aALFAFA | ||
| 650 | _aSEMENTE | ||
| 650 | _aANTIOXIDANTE | ||
| 650 | _aANALISE QUIMICA | ||
| 650 | _aLIPIDIO | ||
| 773 | 0 |
_tCiencia e Tecnologia de Alimentos (Brazil) _xISSN 0101-2061 _g(Jan-Jun 1985), v. 5(1) p. 22-30 _wBR8602940 |
|
| 909 |
_a202311 _bLúcia _c55 _dLúcia Elande |
||
| 942 |
_2AGRIS _n0 _cANA |
||
| 999 |
_c118972 _d118972 |
||